000 00921cam a22002174a 4500
005 20250605164227.0
008 250528s ||||||||||||||||||||||||d
035 _a20894
020 _a9789604680443
040 _aGR-AtMCL
_bgre
_dGR-AtMCL
_eAACR2
245 1 _aΟ μικρός Μυλού και η Κούκλα των ευχών
250 _a
260 _c2012
300 _a72
520 _aΣτη μαγική Catland ζει ένα όμορφο, χνουδωτό αλλά και ταυτόχρονα πολύ ζωηρό γατάκι που το λένε Μυλού. Μία μέρα, καθώς παίζει με τα υπόλοιπα αδερφάκια του, η περιέργεια του θα τον οδηγήσει σε μία μαγική
700 1 _aΖητουνιάτη Ελισάβετ
_96884
700 1 _aΜιχάλη Σιδέρη
_96268
942 _cBK
999 _c5973
_d5973